| 000 | 00609nam a2200217Ia 4500 | ||
|---|---|---|---|
| 003 | GCL | ||
| 008 | 140319s9999 xx 000 0 ara d | ||
| 040 |
_aGCL / _cGCL |
||
| 082 | 0 | 4 |
_aق 962.60 _bر ج |
| 100 | 1 | _aراناث | |
| 245 | 1 | 0 |
_aجمال عبد الناصر الرجل و المعجزة / _cراناث |
| 700 | 1 | _aديوان بير | |
| 700 | 1 | _aعبدالعظيم رجب القراوى | |
| 300 | _a166 | ||
| 490 |
_a100 قصة _v0 |
||
| 650 | 0 | 4 | _aالعصر الحديث |
| 650 | 0 | 4 | _aمصر |
| 650 | 0 | 4 | _aمصر - تاريخ |
| 650 | 0 | 4 | _aجمال عبدالناصر |
| 942 |
_2ddc _cBK |
||
| 999 |
_c45985 _d45985 |
||